000 00356 a2200157 4500
001 56733
020 _a8516042790
040 _cAnchieta - Pituba
100 _aKupstas, Marcia
240 1 0 _aEles não são anjos como eu
_lpor
245 1 0 _aEles não são anjos como eu
300 _a200
362 0 _a2004
650 4 _aLiteratura juvenil
942 _cBK
999 _c56733
_d56733